| Поле | Название | Значение |
| |
Тип записи |
a |
| |
Библиографический уровень |
m |
| 001 |
Контрольный номер |
RU/SLIB/B/208702411 |
| 005 |
Дата корректировки |
20241018083823.9 |
| 010 |
Индекс ISBN |
__ |
| d |
Цена |
59-56 |
| 101 |
Язык документа |
0_ |
| a |
Язык текста |
rus |
| c |
Язык оригинала |
rus |
| 200 |
Заглавие и сведения об ответственности |
1_ |
| a |
Заглавие |
Собрание сочинений |
| e |
Сведения, относящиеся к заглавию |
в 7 т. |
| f |
Первые сведения об ответственности |
Бахтин М. М. ; ред.: С. Г. Бочаров, В. В. Кожинов ; Ин-т мировой лит. им. М. Горького |
| b |
Общее обозначение материала |
Текст |
| h |
Номер части |
Т. 5 |
| i |
Наименование части |
Работы 1940-х - начала 1960-х годов |
| 210 |
Выходные данные |
1_ |
| a |
Место издания |
М. |
| c |
Издательство |
Рус. слов. |
| d |
Дата издания |
1997 |
| 215 |
Физическое описание |
__ |
| a |
Объем |
732 с. |
| 600 |
Персоналии |
_1 |
| a |
Персоналии (Фамилия) |
Достоевский, Ф. М. |
| c |
Дополнение к имени |
писатель русский |
| f |
Даты |
1821-1881 |
| g |
Полное имя |
Федор Михайлович |
| 600 |
Персоналии |
_1 |
| a |
Персоналии (Фамилия) |
Маяковский, В. В. |
| c |
Дополнение к имени |
поэт русский |
| f |
Даты |
1893-1930 |
| g |
Полное имя |
Владимир Владимирович |
| 600 |
Персоналии |
_1 |
| a |
Персоналии (Фамилия) |
Флобер, Г. |
| c |
Дополнение к имени |
писатель французский |
| f |
Даты |
1821-1880 |
| g |
Полное имя |
Гюстав |
| 606 |
Тематические рубрики |
__ |
| a |
Основная рубрика |
Литературоведение |
| 606 |
Тематические рубрики |
__ |
| a |
Основная рубрика |
Теория литературы |
| 606 |
Тематические рубрики |
__ |
| a |
Основная рубрика |
Мировая литература |
| z |
Хронологическая подрубрика |
19 в.; 20 в. |
| y |
Географическая подрубрика |
Россия; Франция |
| 610 |
Ключевые слова |
0_ |
| a |
Ключевые слова |
стилистика; языки (языкознание); жанры; персоналии; писатели |
| 686 |
Индексы других классификаций |
__ |
| 2 |
Код системы |
rubbks |
| a |
Классификационный индекс |
83 |
| 700 |
Автор |
_1 |
| a |
Фамилия |
Бахтин |
| b |
Имя |
М. М. |
| f |
Даты |
1895-1975 |
| g |
Полное личное имя |
Михаил Михайлович |
| 4 |
Код отношения |
070 |
| 702 |
Вторичная интеллектуальная ответственность |
_1 |
| a |
Фамилия |
Бочаров |
| b |
Имя |
С. Г. |
| 4 |
Код отношения |
Редактор |
| 4 |
Код отношения |
340 |
| 702 |
Вторичная интеллектуальная ответственность |
_1 |
| a |
Фамилия |
Кожинов |
| b |
Имя |
В. В. |
| 4 |
Код отношения |
Редактор |
| 4 |
Код отношения |
340 |
| 801 |
Источник записи |
_0 |
| a |
Страна |
RU |
| b |
Организация |
Муниципальное бюджетное учреждение культуры "Централизованная библиотечная система" г. Сургут (Центральная городская библиотека им. А. С. Пушкина) |
| g |
Правила каталогизации |
ОБ/Бутенко |
| 801 |
Источник записи |
_1 |
| a |
Страна |
RU |
| b |
Организация |
Муниципальное бюджетное учреждение культуры "Централизованная библиотечная система" г. Сургут (Центральная городская библиотека им. А. С. Пушкина) |
| g |
Правила каталогизации |
ОБ/Бутенко |
| 852 |
Данные о местонахождении |
__ |
| j |
Шифр хранения |
83 |
| c |
Каталожный индекс |
83 |
| i |
Авторский знак |
Б 30 |
| p |
Инвентарный номер |
72891 |
| 901 |
Тип документа |
__ |
| t |
Тип документа |
m |
| 903 |
Характеристики (МАРС) |
__ |
| a |
Дата передачи |
19990902 |
| 990 |
Данные о заказе (DOS) |
__ |
| j |
Количество экземпляров (DOS) |
1 |
| t |
N записи в КСУ для И/У (DOS) |
199901 |